Matemaricas I calculo diferencial (Registro nro. 29375)

Detalles MARC
000 -LÍDER
fixed length control field 00557nam a22002177a 4500
003 - IDENTIFICADOR DEL NÚMERO DE CONTROL
control field ITZ
005 - FECHA Y HORA DE LA ULTIMA TRANSACCIÓN
Campo de control 20240409173717.0
008 - ELEMENTOS DE LONGITUD FIJA -- INFORMACIÓN GENERAL
fixed length control field 240409b |||||||| |||| 00| 0 spa d
020 ## - NÚMERO INTERNACIONAL NORMALIZADO PARA LIBROS
ISBN 978-607-526-649-7
035 ## - Número de ficha (Janium)
Número de ficha (Janium) 17759
041 ## - CÓDIGO DE IDIOMA
Código de idioma para texto/pista de sonido o título separado SPA
050 ## - SIGNATURA TOPOGRAFICA DE LA BIBLIOTECA DEL CONGRESO (LC)
Número de Clasificación QA305
Cutter L3718 2018
082 ## - NUMERO DE CLASIFICACION DECIMAL DEWEY
Número de Clasificación 515.33
Cutter L134m 2018
100 1# - ASIENTO PRINCIPAL--NOMBRE PERSONAL
Nombre personal Larson, Ron
245 ## - TÍTULO
Título Matemaricas I calculo diferencial
Mención de responsabilidad, etc. Ron Larson
250 ## - MENCIÓN DE EDICIÓN
Mención de edición 1a Ed.
260 ## - PUBLICACIÓN, DISTRIBUCIÓN, ETC. (PIE DE IMPRENTA)
Lugar de publicación, distribución, etc. México:
Nombre del editor, distribuidor, etc. Cengage,
Fecha de publicación, distribución, etc. 2018
300 ## - DESCRIPCIÓN FÍSICA
Extensión vii, 316 p.
Otros detalles físicos il. /
Dimensiones 27 cm.
650 ## - ASIENTO SECUNDARIO DE MATERIA - TERMINO TEMÁTICO
Término temático o nombre geográfico como elemento de entrada 1. CALCULO DIFERENCIAL
942 ## - TIPO DE MATERIAL (KOHA)
Koha item type Libros
Existencias
No. biblioteca No. biblioteca Número de clasificación Código de barras/Número de adquisición Número de copia Tipo de material Otras carreras
ÁREA DE BÁSICAS LUIS G. INCLAN 515.33 L134m 2018 54832 1 Libros LUIS G. INCLAN
Calzada Tecnológico # 27, Zacatepec, Morelos.
01(734) 343-07-23 / 343-21-10 / 343-21-11
Apdo. Postal 45 C.P 62780